000 00484nam a2200157 i 4500
001 37541
003 ES-MaACL
005 20230906155609.0
007 t|
008 030318s1915 sp ||||1| spa d
100 1 _aComas y Llabería, César.
_939955
245 1 3 _aUn nuevo caso de carcinoma de la frente curado con los rayos Röntgen /
_cpor los doctores C. Comas y A. Prió.
260 _aBarcelona :
_b[s.n.],
_c1915.
700 1 _aPrió, A.
_9156737
852 _aES-MaACL
_j1495-F-2
999 _c37541
_d37541